[Event "RE-2012-0-00090"]
[Site "LSS email"]
[Date "2012.02.20"]
[Round "?"]
[White "Millar, Brian W"]
[Black "O'Brien, Glenn"]
[Result "0-1"]
[WhiteElo "1210"]
[BlackElo "1313"]
[PlyCount "62"]
[EventDate "2012.01.18"]
[EventType "tourn (corr)"]
[EventRounds "6"]
[EventCountry "GER"]
[SourceTitle "Telechess CBM 153"]
[Source "ChessBase"]
[SourceDate "2013.03.14"]
[SourceVersion "1"]
[SourceVersionDate "2013.03.14"]
[SourceQuality "1"]

1. d4 Nf6 2. Nf3 g6 3. Bg5 Bg7 4. Nbd2 0-0 5. c3 d6 6. e3 Nbd7 7. Bd3 e5 8. dxe5 dxe5 9. 0-0 Nc5 10. Be2 e4 11. Nd4 Qd5 12. Bf4 Qd8 13. Qc2 Bf5 14. Nxf5 gxf5 15. Rfd1 Nd5 16. Nb3 Ne6 17. Bg3 c6 18. Rac1 Qf6 19. Rd2 Bh6 20. Rcd1 Nxe3 21. fxe3 Bxe3+ 22. Kh1 Bxd2 23. Rxd2 Rfd8 24. Na5 Rxd2 25. Qxd2 f4 26. Be1 Rd8 27. Qc2 f3 28. gxf3 exf3 29. Bd3 Qg5 30. Bxh7+ Kh8 31. Be4 Rd1 0-1

[Event "RE-2012-0-00090"]
[Site "LSS email"]
[Date "2012.02.20"]
[Round "?"]
[White "Perepechenko, Vladislav"]
[Black "Millar, Brian W"]
[Result "1-0"]
[WhiteElo "1533"]
[BlackElo "1210"]
[PlyCount "29"]
[EventDate "2012.01.18"]
[EventType "tourn (corr)"]
[EventRounds "6"]
[EventCountry "GER"]
[SourceTitle "Corr 2015"]
[Source "ChessBase"]
[SourceDate "2015.07.17"]
[SourceVersion "1"]
[SourceVersionDate "2015.07.17"]
[SourceQuality "1"]

1. d4 Nf6 2. c4 e6 3. Nc3 Be7 4. Nf3 b6 5. e4 d6 6. Bd3 Nbd7 7. Bf4 0-0 8. Bc2 Re8 9. e5 dxe5 10. dxe5 Nh5 11. Be3 g6 12. Be4 Rb8 13. Bc6 Rf8 14. g4 Ng7 15. Qa4 1-0

[Event "SE-2011-0-00088"]
[Site "LSS email"]
[Date "2011.10.20"]
[Round "?"]
[White "Bokadom, Mohamed"]
[Black "Millar, Brian W"]
[Result "0-1"]
[WhiteElo "925"]
[BlackElo "1264"]
[PlyCount "30"]
[EventDate "2011.09.20"]
[EventType "tourn (corr)"]
[EventRounds "6"]
[EventCountry "GER"]
[SourceTitle "Corr 2015"]
[Source "ChessBase"]
[SourceDate "2015.07.17"]
[SourceVersion "1"]
[SourceVersionDate "2015.07.17"]
[SourceQuality "1"]

1. Nf3 Nf6 2. d4 e6 3. g3 d5 4. Bg2 Be7 5. 0-0 0-0 6. Bg5 Nbd7 7. Bxf6 Nxf6 8. Nbd2 b6 9. c3 Bb7 10. a3 Rc8 11. e3 c5 12. Rb1 Qc7 13. c4 dxc4 14. Nxc4 cxd4 15. Qxd4 Qxc4 0-1

[Event "RE-2011-0-00070"]
[Site "LSS email"]
[Date "2011.08.20"]
[Round "?"]
[White "Millar, Brian W"]
[Black "Basson, Heinrich"]
[Result "0-1"]
[WhiteElo "1253"]
[BlackElo "1390"]
[PlyCount "40"]
[EventDate "2011.06.23"]
[EventType "tourn (corr)"]
[EventRounds "6"]
[EventCountry "GER"]
[SourceTitle "Telechess CBM 149"]
[Source "ChessBase"]
[SourceDate "2012.07.17"]
[SourceVersion "1"]
[SourceVersionDate "2012.07.17"]
[SourceQuality "1"]

1. d4 d5 2. Nf3 Nf6 3. e3 e6 4. Bd3 Be7 5. 0-0 0-0 6. Nbd2 c5 7. c3 Nc6 8. Re1 a6 9. dxc5 Bxc5 10. e4 b5 11. Nb3 Bb6 12. e5 Ng4 13. Re2 Qc7 14. h3 Ngxe5 15. Nxe5 Nxe5 16. Bf4 Nf3+ 17. gxf3 Qxf4 18. Nd2 Qg3+ 19. Kf1 Qxh3+ 20. Kg1 Bc7 0-1

[Event "RE-2011-0-00070"]
[Site "LSS email"]
[Date "2011.08.20"]
[Round "?"]
[White "Molano Lafuente, Ismael"]
[Black "Millar, Brian W"]
[Result "1-0"]
[WhiteElo "1403"]
[BlackElo "1253"]
[PlyCount "49"]
[EventDate "2011.06.23"]
[EventType "tourn (corr)"]
[EventRounds "6"]
[EventCountry "GER"]
[SourceTitle "Telechess CBM 149"]
[Source "ChessBase"]
[SourceDate "2012.07.17"]
[SourceVersion "1"]
[SourceVersionDate "2012.07.17"]
[SourceQuality "1"]

1. b3 Nf6 2. Bb2 e6 3. e3 Be7 4. Bd3 d5 5. f4 Nbd7 6. Nf3 0-0 7. 0-0 c5 8. Ne5 Re8 9. Qf3 Qc7 10. Qh3 Nf8 11. c4 dxc4 12. Bxc4 a6 13. d4 b5 14. Bd3 Bb7 15. Rc1 Qb6 16. Nd2 Red8 17. Ndf3 Nd5 18. Ng5 Bxg5 19. dxc5 Qc7 20. c6 Bc8 21. fxg5 Nb4 22. Bb1 Rd6 23. Qg3 Nd5 24. Rf1 f6 25. gxf6 1-0

[Event "SE-2011-0-00071"]
[Site "LSS email"]
[Date "2011.05.04"]
[Round "?"]
[White "Millar, Brian W"]
[Black "Schalkwijk, Peter H"]
[Result "0-1"]
[WhiteElo "1253"]
[BlackElo "1403"]
[PlyCount "50"]
[EventDate "2011.03.03"]
[EventType "tourn (corr)"]
[EventRounds "6"]
[EventCountry "GER"]
[SourceTitle "Telechess CBM 149"]
[Source "ChessBase"]
[SourceDate "2012.07.17"]
[SourceVersion "1"]
[SourceVersionDate "2012.07.17"]
[SourceQuality "1"]

1. d4 d5 2. Nf3 Nf6 3. e3 Bg4 4. Nbd2 Nbd7 5. h3 Bh5 6. Bd3 c5 7. c3 e5 8. dxe5 Nxe5 9. Be2 Nc6 10. 0-0 Be7 11. Qb3 Qd7 12. Rd1 0-0 13. Re1 Rfe8 14. Bb5 a6 15. Be2 Bd6 16. Nf1 Bc7 17. Bd2 Ne4 18. Rad1 Na5 19. Qc2 Bg6 20. Qc1 Qe7 21. b4 Nc4 22. Qa1 Ncxd2 23. N1xd2 Nxf2 24. Kxf2 Qxe3+ 25. Kf1 Bg3 0-1

[Event "OP-2011-0-01434"]
[Site "LSS email"]
[Date "2011.03.08"]
[Round "?"]
[White "Millar, Brian W"]
[Black "Piacentile, Carmine"]
[Result "1-0"]
[WhiteElo "1279"]
[BlackElo "800"]
[PlyCount "51"]
[EventDate "2011.03.04"]
[EventType "tourn (corr)"]
[EventRounds "4"]
[EventCountry "GER"]
[SourceTitle "Telechess CBM 147"]
[Source "ChessBase"]
[SourceDate "2012.03.16"]
[SourceVersion "1"]
[SourceVersionDate "2012.03.16"]
[SourceQuality "1"]

1. e4 e5 2. Nf3 Nc6 3. Bb5 Nge7 4. 0-0 d6 5. d4 g6 6. dxe5 dxe5 7. Nxe5 Bd7 8. Nxd7 Qxd7 9. Qxd7+ Kxd7 10. Rd1+ Ke8 11. Bg5 a6 12. Bxe7 Bxe7 13. Bxc6+ bxc6 14. Nc3 Bf6 15. Rd3 Kf8 16. Rad1 Kg7 17. b3 h5 18. f4 a5 19. e5 Be7 20. Ne4 Rad8 21. Rd7 Rxd7 22. Rxd7 Ba3 23. Kf2 Rc8 24. Ng5 Kg8 25. Nxf7 c5 26. c4 1-0

[Event "LSS SE-2010-0-00063"]
[Site "LSS email"]
[Date "2011.01.23"]
[Round "?"]
[White "Evans, Stanley W"]
[Black "Millar, Brian W"]
[Result "1/2-1/2"]
[WhiteElo "1117"]
[BlackElo "1287"]
[PlyCount "55"]
[EventDate "2010.12.19"]
[EventType "tourn (corr)"]
[EventRounds "6"]
[EventCountry "GER"]
[SourceTitle "Telechess CBM 145"]
[Source "Chessbase"]
[SourceDate "2011.11.11"]
[SourceVersion "1"]
[SourceVersionDate "2011.11.11"]
[SourceQuality "1"]

1. e4 c5 2. Nf3 d6 3. d4 cxd4 4. c3 dxc3 5. Nxc3 Nc6 6. Bb5 a6 7. Ba4 b5 8. Bb3 e6 9. 0-0 Nf6 10. Bg5 Be7 11. Qe2 h6 12. Bh4 0-0 13. Rfd1 Na5 14. Bc2 Qc7 15. Rac1 Bb7 16. Bg3 Kh8 17. Bb1 Qb6 18. h3 Rac8 19. e5 dxe5 20. Nxe5 Nc4 21. Na4 Qa7 22. Nxc4 Rxc4 23. Rxc4 bxc4 24. Qxc4 Rc8 25. Qe2 Bc6 26. Nc3 Qb7 27. f3 Rd8 28. Rxd8+ 1/2-1/2

[Event "LSS SE-2010-0-00063"]
[Site "LSS email"]
[Date "2011.01.23"]
[Round "?"]
[White "Hannaske, Daniel"]
[Black "Millar, Brian W"]
[Result "0-1"]
[WhiteElo "998"]
[BlackElo "1287"]
[PlyCount "48"]
[EventDate "2010.12.19"]
[EventType "tourn (corr)"]
[EventRounds "6"]
[EventCountry "GER"]
[SourceTitle "Telechess CBM 145"]
[Source "Chessbase"]
[SourceDate "2011.11.11"]
[SourceVersion "1"]
[SourceVersionDate "2011.11.11"]
[SourceQuality "1"]

1. e4 c5 2. Nf3 d6 3. c3 Nf6 4. Bc4 Nc6 5. d3 Bg4 6. h3 Bxf3 7. Qxf3 Ne5 8. Qe2 Nxc4 9. dxc4 g6 10. 0-0 Bg7 11. Bg5 0-0 12. Nd2 Re8 13. Qe3 Qc7 14. Bh6 a6 15. Bxg7 Kxg7 16. Nf3 Rad8 17. Rad1 Qa5 18. a3 Qb6 19. Rd2 Qc6 20. g4 Qxe4 21. Re2 Qxc4 22. Rfe1 Rd7 23. g5 Nh5 24. Nh4 Qxh4 0-1

[Event "LSS SE-2010-0-00063"]
[Site "LSS email"]
[Date "2011.01.23"]
[Round "?"]
[White "Millar, Brian W"]
[Black "Steinert, Martin"]
[Result "1-0"]
[WhiteElo "1287"]
[BlackElo "1011"]
[PlyCount "41"]
[EventDate "2010.12.19"]
[EventType "tourn (corr)"]
[EventRounds "6"]
[EventCountry "GER"]
[SourceTitle "Telechess CBM 145"]
[Source "Chessbase"]
[SourceDate "2011.11.11"]
[SourceVersion "1"]
[SourceVersionDate "2011.11.11"]
[SourceQuality "1"]

1. d4 Nf6 2. Nf3 g6 3. Bg5 Ne4 4. Bf4 d6 5. Nbd2 Nxd2 6. Qxd2 Bg7 7. Bh6 0-0 8. h4 f6 9. e4 c6 10. h5 Rf7 11. hxg6 hxg6 12. Bd3 Qf8 13. 0-0-0 b5 14. Rh2 Bd7 15. Rdh1 g5 16. Bxg5 fxg5 17. Qxg5 Rf6 18. Rh8+ Kf7 19. Rxf8+ Kxf8 20. e5 Rf7 21. Bg6 1-0

[Event "LSS SE-2010-0-00057"]
[Site "LSS email"]
[Date "2010.11.20"]
[Round "?"]
[White "Cook, Phil"]
[Black "Millar, Brian W"]
[Result "0-1"]
[WhiteElo "1142"]
[BlackElo "1279"]
[PlyCount "48"]
[EventDate "2010.09.02"]
[EventType "tourn (corr)"]
[EventRounds "6"]
[EventCountry "GER"]
[SourceTitle "Corr 2013"]
[Source "ChessBase"]
[SourceDate "2012.11.12"]
[SourceVersion "1"]
[SourceVersionDate "2012.11.12"]
[SourceQuality "1"]
[WhiteTeam "US of America"]
[BlackTeam "US of America"]
[WhiteTeamCountry "USA"]
[BlackTeamCountry "USA"]

1. e4 c5 2. Nf3 d6 3. Bb5+ Bd7 4. Bxd7+ Nxd7 5. 0-0 Ngf6 6. Re1 e6 7. b3 g6 8. Bb2 Bg7 9. e5 dxe5 10. Nxe5 0-0 11. Qf3 Qc7 12. Nxd7 Nxd7 13. Bxg7 Kxg7 14. Nc3 Nf6 15. Ne4 Nxe4 16. Rxe4 Rad8 17. Qc3+ Kg8 18. Rae1 Rd5 19. d4 Rc8 20. Rd1 Qd8 21. Qd3 cxd4 22. Rxd4 Rxd4 23. Qxd4 Qxd4 24. Rxd4 Rxc2 0-1

[Event "LSS SE-2010-0-00057"]
[Site "LSS email"]
[Date "2010.11.20"]
[Round "?"]
[White "MacDonald, Ronald Cadell"]
[Black "Millar, Brian W"]
[Result "1/2-1/2"]
[WhiteElo "1168"]
[BlackElo "1279"]
[PlyCount "50"]
[EventDate "2010.09.02"]
[EventType "tourn (corr)"]
[EventRounds "6"]
[EventCountry "GER"]
[SourceTitle "Corr 2013"]
[Source "ChessBase"]
[SourceDate "2012.11.12"]
[SourceVersion "1"]
[SourceVersionDate "2012.11.12"]
[SourceQuality "1"]
[WhiteTeam "US of America"]
[BlackTeam "US of America"]
[WhiteTeamCountry "USA"]
[BlackTeamCountry "USA"]

1. Nf3 Nf6 2. g3 d5 3. Bg2 e6 4. 0-0 c5 5. d3 Be7 6. Nc3 Nc6 7. e4 d4 8. Ne2 e5 9. c3 dxc3 10. Nxc3 Bg4 11. Qc2 Rc8 12. Be3 Nd4 13. Qa4+ Qd7 14. Bxd4 Qxa4 15. Nxa4 exd4 16. b3 Bd7 17. Nb2 0-0 18. Ne5 Be8 19. Rac1 b6 20. Nbc4 Nd7 21. Bh3 Rc7 22. Nxd7 Bxd7 23. Bxd7 Rxd7 24. f4 f6 25. Kg2 Re8 1/2-1/2

[Event "LSS SE-2010-0-00057"]
[Site "LSS email"]
[Date "2010.11.20"]
[Round "?"]
[White "Millar, Brian W"]
[Black "Ballero, Andrea"]
[Result "0-1"]
[WhiteElo "1242"]
[BlackElo "1455"]
[PlyCount "40"]
[EventDate "2010.09.02"]
[EventType "tourn (corr)"]
[EventRounds "6"]
[EventCountry "GER"]
[SourceTitle "Telechess CBM 143"]
[Source "ChessBase"]
[SourceDate "2011.07.15"]
[SourceVersion "1"]
[SourceVersionDate "2011.07.15"]
[SourceQuality "1"]

1. d4 d5 2. Nf3 Nf6 3. e3 e6 4. Bd3 c5 5. c3 Nc6 6. Nbd2 Bd6 7. 0-0 0-0 8. Re1 e5 9. dxe5 Nxe5 10. Nxe5 Bxe5 11. Qe2 Bg4 12. f3 Bd7 13. e4 Re8 14. Qf2 Qc7 15. g3 c4 16. Bc2 Bd6 17. Nf1 dxe4 18. fxe4 Ng4 19. Qf3 Ne5 20. Qe2 Bg4 0-1

[Event "LSS SE-2010-0-00054"]
[Site "LSS email"]
[Date "2010.09.21"]
[Round "?"]
[White "Millar, Brian W"]
[Black "Loktayev, Vladislav"]
[Result "1/2-1/2"]
[WhiteElo "1287"]
[BlackElo "1106"]
[PlyCount "40"]
[EventDate "2010.06.27"]
[EventType "tourn (corr)"]
[EventRounds "6"]
[EventCountry "GER"]
[SourceTitle "Telechess CBM 145"]
[Source "Chessbase"]
[SourceDate "2011.11.11"]
[SourceVersion "1"]
[SourceVersionDate "2011.11.11"]
[SourceQuality "1"]

1. e4 c5 2. Nf3 a6 3. c4 e6 4. d4 cxd4 5. Nxd4 Bb4+ 6. Nd2 Qb6 7. N4b3 Nc6 8. a3 Be7 9. Bd3 Nf6 10. Nf3 d6 11. Be3 Qc7 12. Rc1 0-0 13. 0-0 Bd7 14. Qe2 Rac8 15. Rfd1 Rfd8 16. h3 Qb8 17. Nbd2 Bf8 18. Bg5 Be7 19. Re1 h6 20. Bh4 Nh5 1/2-1/2

[Event "LSS SE-2010-0-00054"]
[Site "LSS email"]
[Date "2010.09.21"]
[Round "?"]
[White "Millar, Brian W"]
[Black "Sukhanitskij, Stanislav"]
[Result "0-1"]
[WhiteElo "1249"]
[BlackElo "1457"]
[PlyCount "50"]
[EventDate "2010.06.27"]
[EventType "tourn (corr)"]
[EventRounds "6"]
[EventCountry "GER"]
[SourceTitle "Telechess CBM 143"]
[Source "ChessBase"]
[SourceDate "2011.07.15"]
[SourceVersion "1"]
[SourceVersionDate "2011.07.15"]
[SourceQuality "1"]

1. e4 e5 2. Nf3 Nc6 3. Bb5 a6 4. Ba4 Nf6 5. 0-0 b5 6. Bb3 Bb7 7. Re1 Bc5 8. c3 d6 9. d4 Bb6 10. Nbd2 exd4 11. cxd4 Bxd4 12. Nxd4 Nxd4 13. Nf3 Nxb3 14. Qxb3 0-0 15. Bg5 h6 16. Bh4 Re8 17. e5 dxe5 18. Nxe5 Qd5 19. Qxd5 Nxd5 20. Nd3 a5 21. Kf1 b4 22. Nc5 Bc6 23. Rxe8+ Rxe8 24. Rc1 Nf4 25. g3 Bb5+ 0-1

[Event "LSS SE-2010-0-00051"]
[Site "LSS email"]
[Date "2010.07.22"]
[Round "?"]
[White "Millar, Brian W"]
[Black "Puleston, Tim O"]
[Result "1/2-1/2"]
[WhiteElo "1293"]
[BlackElo "1183"]
[PlyCount "53"]
[EventDate "2010.05.20"]
[EventType "tourn (corr)"]
[EventRounds "6"]
[EventCountry "GER"]
[SourceTitle "Telechess CBM 141"]
[Source "ChessBase"]
[SourceDate "2011.03.17"]
[SourceVersion "1"]
[SourceVersionDate "2011.03.17"]
[SourceQuality "1"]

1. d4 Nf6 2. c4 e6 3. Nc3 Bb4 4. Qb3 Nc6 5. Nf3 d5 6. Bg5 h6 7. Bxf6 Qxf6 8. e3 Bxc3+ 9. Qxc3 0-0 10. Be2 b6 11. 0-0 Bb7 12. Rac1 Rac8 13. cxd5 exd5 14. Bb5 Nb8 15. Ne5 c5 16. Nf3 Rfd8 17. Qd2 Ba6 18. Bxa6 Nxa6 19. a3 Qd6 20. Rc2 c4 21. Rfc1 b5 22. Qa5 Qb6 23. Qxb6 axb6 24. Ne5 f6 25. Ng6 Kf7 26. Nf4 Nc7 27. Kf1 1/2-1/2

[Event "LSS SE-2009-0-00039"]
[Site "LSS email"]
[Date "2010.01.29"]
[Round "?"]
[White "Czekala, Franciszek"]
[Black "Millar, Brian W"]
[Result "1-0"]
[WhiteElo "1632"]
[BlackElo "1232"]
[PlyCount "29"]
[EventDate "2009.12.26"]
[EventType "tourn (corr)"]
[EventRounds "6"]
[EventCountry "GER"]
[SourceTitle "Corr 2013"]
[Source "ChessBase"]
[SourceDate "2012.11.12"]
[SourceVersion "1"]
[SourceVersionDate "2012.11.12"]
[SourceQuality "1"]
[WhiteTeam "US of America"]
[BlackTeam "US of America"]
[WhiteTeamCountry "USA"]
[BlackTeamCountry "USA"]

1. e4 c5 2. Nc3 Nc6 3. Bb5 Qc7 4. Nf3 e6 5. 0-0 a6 6. Bxc6 Qxc6 7. d4 d6 8. d5 Qc7 9. dxe6 Bxe6 10. Re1 Ne7 11. Nd5 Bxd5 12. exd5 Kd7 13. Ng5 f6 14. Qg4+ f5 15. Qe2 1-0

[Event "LSS SE-2009-0-00039"]
[Site "LSS email"]
[Date "2010.01.29"]
[Round "?"]
[White "Millar, Brian W"]
[Black "Evans, Stanley W"]
[Result "1-0"]
[WhiteElo "1232"]
[BlackElo "1208"]
[PlyCount "49"]
[EventDate "2009.12.26"]
[EventType "tourn (corr)"]
[EventRounds "6"]
[EventCountry "GER"]
[SourceTitle "Corr 2013"]
[Source "ChessBase"]
[SourceDate "2012.11.12"]
[SourceVersion "1"]
[SourceVersionDate "2012.11.12"]
[SourceQuality "1"]
[WhiteTeam "US of America"]
[BlackTeam "US of America"]
[WhiteTeamCountry "USA"]
[BlackTeamCountry "USA"]

1. e4 e5 2. Nf3 Nc6 3. Bb5 a6 4. Ba4 Nf6 5. 0-0 Bc5 6. Nxe5 Nxe5 7. d4 Nxe4 8. Re1 Be7 9. Rxe4 Ng6 10. c4 0-0 11. Nc3 d6 12. d5 Bd7 13. Bd2 c6 14. dxc6 bxc6 15. Qf3 Ne5 16. Qe2 Bf5 17. Re3 Qc7 18. Re1 Bf6 19. Ne4 Be7 20. c5 Bg4 21. f3 d5 22. Nd6 Nxf3+ 23. gxf3 Be6 24. Rxe6 fxe6 25. Qxe6+ 1-0

[Event "LSS SE-2009-0-00039"]
[Site "LSS email"]
[Date "2010.01.29"]
[Round "?"]
[White "Millar, Brian W"]
[Black "Jostov, Keylah"]
[Result "1-0"]
[WhiteElo "1359"]
[BlackElo "1235"]
[PlyCount "79"]
[EventDate "2009.12.26"]
[EventType "tourn (corr)"]
[EventRounds "6"]
[EventCountry "GER"]
[SourceTitle "Telechess CBM 141"]
[Source "ChessBase"]
[SourceDate "2011.03.17"]
[SourceVersion "1"]
[SourceVersionDate "2011.03.17"]
[SourceQuality "1"]

1. e4 e5 2. Nf3 f5 3. exf5 e4 4. Ne5 Nf6 5. Be2 Be7 6. Bh5+ Kf8 7. Nf7 Qe8 8. Nxh8 Qxh5 9. Qxh5 Nxh5 10. g4 Nf6 11. g5 Nd5 12. g6 h6 13. Nc3 Nxc3 14. dxc3 d6 15. Rg1 Bxf5 16. Bxh6 gxh6 17. g7+ Kg8 18. Nf7 Bg5 19. Nxg5 hxg5 20. Rxg5 Be6 21. 0-0-0 Nd7 22. Rdg1 Nf6 23. Rg6 Kf7 24. h4 Rg8 25. R6g5 Ne8 26. h5 Rxg7 27. Rxg7+ Nxg7 28. h6 Kg8 29. Rxg7+ Kh8 30. Rxc7 Bd5 31. a3 Bc6 32. Kd2 d5 33. Ke3 Kg8 34. Kf4 a6 35. Kg5 a5 36. Re7 Kf8 37. Rg7 Be8 38. Kf6 Bc6 39. h7 Ke8 40. h8R# 1-0

[Event "LSS SE-2009-0-00039"]
[Site "LSS email"]
[Date "2010.01.29"]
[Round "?"]
[White "Nolf, Francky"]
[Black "Millar, Brian W"]
[Result "1-0"]
[WhiteElo "911"]
[BlackElo "1232"]
[PlyCount "113"]
[EventDate "2009.12.26"]
[EventType "tourn (corr)"]
[EventRounds "6"]
[EventCountry "GER"]
[SourceTitle "Corr 2013"]
[Source "ChessBase"]
[SourceDate "2012.11.12"]
[SourceVersion "1"]
[SourceVersionDate "2012.11.12"]
[SourceQuality "1"]
[WhiteTeam "US of America"]
[BlackTeam "US of America"]
[WhiteTeamCountry "USA"]
[BlackTeamCountry "USA"]

1. d3 d5 2. Nf3 Nf6 3. Nbd2 e6 4. e4 b6 5. Be2 Bb7 6. e5 Nfd7 7. d4 c5 8. c3 Nc6 9. 0-0 Be7 10. Bb5 0-0 11. Bxc6 Bxc6 12. Qc2 Rc8 13. Re1 Re8 14. Qb1 cxd4 15. Nxd4 Bb7 16. N2f3 Nc5 17. Nd2 Ba6 18. Re3 Bg5 19. Rh3 h6 20. N2f3 Bd3 21. Nc2 Bxc1 22. Qxc1 Bf5 23. Rg3 Ne4 24. Ncd4 Nxg3 25. hxg3 Bd3 26. Qe3 Ba6 27. a3 Qe7 28. Nh2 Rf8 29. Nhf3 Rc5 30. g4 Bc8 31. g5 hxg5 32. Nxg5 f6 33. exf6 Rxf6 34. Re1 Rh6 35. Nf5 Qf6 36. Nxh6+ Qxh6 37. Nxe6 Qxe3 38. Rxe3 Bxe6 39. Rxe6 Kf7 40. Re2 Kf6 41. f3 a5 42. Kf2 g5 43. g3 Rc7 44. Rd2 Ke5 45. Re2+ Kd6 46. f4 Rf7 47. Kf3 Rf6 48. Kg4 gxf4 49. gxf4 b5 50. f5 b4 51. axb4 axb4 52. Kg5 Rf8 53. f6 bxc3 54. bxc3 Kc5 55. Kg6 Kc4 56. Re5 Rd8 57. f7 1-0

[Event "LSS SD-2009-0-00045"]
[Site "LSS email"]
[Date "2009.12.21"]
[Round "?"]
[White "Millar, Brian W"]
[Black "Moreira Lopes, Jose Carlos"]
[Result "0-1"]
[WhiteElo "1417"]
[BlackElo "1527"]
[PlyCount "64"]
[EventDate "2009.11.17"]
[EventType "tourn (corr)"]
[EventRounds "6"]
[EventCountry "GER"]
[SourceTitle "Telechess CBM 137"]
[Source "ChessBase"]
[SourceDate "2010.07.15"]
[SourceVersion "1"]
[SourceVersionDate "2010.07.15"]
[SourceQuality "1"]

1. e4 c5 2. Nf3 d6 3. d4 cxd4 4. Nxd4 Nf6 5. Nc3 a6 6. Bg5 e6 7. f4 Qb6 8. Qd2 Qxb2 9. Rb1 Qa3 10. Be2 Be7 11. e5 dxe5 12. fxe5 Nfd7 13. Rb3 Bxg5 14. Qxg5 Qa5 15. Qxg7 Qxe5 16. Qxe5 Nxe5 17. Ne4 Ke7 18. 0-0 f5 19. Nd2 Rd8 20. N2f3 Nxf3+ 21. Nxf3 Nc6 22. Bd3 e5 23. Be2 e4 24. Re3 Be6 25. Ng5 Rd2 26. Nxe6 Kxe6 27. g4 Nd4 28. gxf5+ Kf6 29. Bh5 Rg8+ 30. Rg3 Rxg3+ 31. hxg3 Kg5 32. Bd1 Nxf5 0-1

[Event "LSS SD-2009-0-00045"]
[Site "LSS email"]
[Date "2009.12.21"]
[Round "?"]
[White "Seris Granier Gonzales, Manuel Angel"]
[Black "Millar, Brian W"]
[Result "1-0"]
[WhiteElo "1555"]
[BlackElo "1232"]
[PlyCount "57"]
[EventDate "2009.11.17"]
[EventType "tourn (corr)"]
[EventRounds "6"]
[EventCountry "GER"]
[SourceTitle "Corr 2013"]
[Source "ChessBase"]
[SourceDate "2012.11.12"]
[SourceVersion "1"]
[SourceVersionDate "2012.11.12"]
[SourceQuality "1"]
[WhiteTeam "US of America"]
[BlackTeam "US of America"]
[WhiteTeamCountry "USA"]
[BlackTeamCountry "USA"]

1. e4 c5 2. Nf3 d6 3. d4 cxd4 4. Nxd4 Nf6 5. Nc3 a6 6. Be3 e5 7. Nb3 Be6 8. f3 Be7 9. Qd2 Nbd7 10. g4 b5 11. 0-0-0 Nb6 12. Qf2 Nfd7 13. Kb1 Rc8 14. h4 Nc4 15. Bxc4 Rxc4 16. Nd5 Bxd5 17. Rxd5 h6 18. c3 Qc7 19. Rg1 Rc6 20. g5 hxg5 21. hxg5 Nb6 22. Rdd1 Nc4 23. Rh1 Rxh1 24. Rxh1 Nxe3 25. Qxe3 g6 26. Rh8+ Kd7 27. f4 Bd8 28. Qh3+ Ke7 29. f5 1-0

[Event "LSS SD-2009-0-00038"]
[Site "LSS email"]
[Date "2009.10.08"]
[Round "?"]
[White "Moskalenko, Eduard"]
[Black "Millar, Brian W"]
[Result "1-0"]
[WhiteElo "1705"]
[BlackElo "1416"]
[PlyCount "49"]
[EventDate "2009.07.25"]
[EventType "tourn (corr)"]
[EventRounds "6"]
[EventCountry "GER"]
[SourceTitle "Telechess CBM 137"]
[Source "ChessBase"]
[SourceDate "2010.07.15"]
[SourceVersion "1"]
[SourceVersionDate "2010.07.15"]
[SourceQuality "1"]

1. e4 c5 2. Nf3 d6 3. d4 cxd4 4. Nxd4 Nf6 5. Nc3 a6 6. Bg5 e6 7. f4 Be7 8. Qf3 Qc7 9. 0-0-0 Nbd7 10. g4 b5 11. a3 Rb8 12. Bxf6 Nxf6 13. f5 exf5 14. Nxf5 b4 15. axb4 Rxb4 16. g5 Bxf5 17. Qxf5 Qb8 18. gxf6 Bxf6 19. Nd5 Bxb2+ 20. Kd2 Rd4+ 21. Bd3 Qd8 22. c3 Ra4 23. Rb1 Ba3 24. Rb7 0-0 25. Rb8 1-0

[Event "LSS SD-2009-0-00038"]
[Site "LSS email"]
[Date "2009.10.07"]
[Round "?"]
[White "Millar, Brian W"]
[Black "Albesa, Alfredo Ricardo"]
[Result "1/2-1/2"]
[WhiteElo "1477"]
[BlackElo "1576"]
[PlyCount "56"]
[EventDate "2009.07.25"]
[EventType "tourn (corr)"]
[EventRounds "6"]
[EventCountry "GER"]
[SourceTitle "Telechess CBM 137"]
[Source "ChessBase"]
[SourceDate "2010.07.15"]
[SourceVersion "1"]
[SourceVersionDate "2010.07.15"]
[SourceQuality "1"]

1. d4 Nf6 2. Nf3 d5 3. e3 c5 4. c3 e6 5. Bd3 Nc6 6. Nbd2 Bd6 7. 0-0 0-0 8. dxc5 Bxc5 9. e4 Qc7 10. Qe2 Bd6 11. Re1 Ng4 12. h3 Nge5 13. Nxe5 Nxe5 14. exd5 exd5 15. Nf3 Nxd3 16. Qxd3 Qc4 17. Rd1 Qxd3 18. Rxd3 Rd8 19. Be3 Bf5 20. Rd2 Be6 21. Rad1 Re8 22. Re2 Rac8 23. Ng5 h6 24. Nxe6 fxe6 25. Rde1 a5 26. Bd4 Kf7 27. g4 g5 28. Kg2 Rc6 1/2-1/2

[Event "LSS SD-2009-0-00038"]
[Site "LSS email"]
[Date "2009.10.07"]
[Round "?"]
[White "Millar, Brian W"]
[Black "Laureles, Raymundo"]
[Result "1-0"]
[WhiteElo "1486"]
[BlackElo "1409"]
[PlyCount "67"]
[EventDate "2009.07.25"]
[EventType "tourn (corr)"]
[EventRounds "6"]
[EventCountry "GER"]
[SourceTitle "Telechess CBM 137"]
[Source "ChessBase"]
[SourceDate "2010.07.15"]
[SourceVersion "1"]
[SourceVersionDate "2010.07.15"]
[SourceQuality "1"]

1. d4 Nf6 2. Nf3 c5 3. c4 e6 4. Nc3 Nc6 5. d5 exd5 6. cxd5 Nb4 7. e4 d6 8. a3 Na6 9. Bxa6 bxa6 10. 0-0 Be7 11. Re1 0-0 12. Qd3 h6 13. h3 Rb8 14. Rb1 Qc7 15. Bf4 Nh7 16. e5 dxe5 17. Bxe5 Bd6 18. Bxd6 Qxd6 19. Ne5 Bd7 20. Nc4 Qf6 21. Ne4 Qh4 22. Nxc5 Bb5 23. Re4 Qg5 24. a4 Bxc4 25. Rxc4 Rbd8 26. d6 Nf6 27. d7 a5 28. Rd1 Nh5 29. Nb7 Nf4 30. Qf3 Ne6 31. Nxd8 Nxd8 32. Re4 Ne6 33. Rxe6 fxe6 34. Qxf8+ 1-0